000 00556nam a2200157 a 4500
008 120416s1991 ||||||||||||||||| || u
020 _a0917537459
050 _aHF 5661 Gle
100 _aGleim, Irvin N
245 1 0 _aFinancial accounting
246 _aobjective questions and explanations
250 _a5th ed.
260 _aFlorida
_bGleim Publications
_c1991
350 _a0.00
995 _D0.00
_FCBU-MAIN LIBRARY (Kitwe)
_H1
_I14.95
_M1
_UAVAILABLE
_WJun 26, 2006
_ZMain Library Open Access Collection
999 _c43320
_d43320